| 000 | 00694 a2200193 4500 | ||
|---|---|---|---|
| 010 | _aENG-85037 | ||
| 020 |
_a818054446X _c100.00 |
||
| 035 | _aEN-68570 | ||
| 037 | _bD.B.Act / Pub | ||
| 082 | 1 | 4 | _a347.7 |
| 090 |
_c945 _d945 |
||
| 100 | 1 | _aKapoor, N. D. | |
| 245 | 1 |
_aBusiness and industrial laws _bfor B.Com course of University of Delhi and other equivalent courses _cby N. D. Kapoor |
|
| 260 |
_aNew Delhi _bSultan Chand and Sons _c2006 |
||
| 270 |
_a23, Darya Ganj, _bNew Delhi _cDelhi _e110002 _k23266105 _l23266357 |
||
| 300 |
_avarious pagings _c22 cm (Pbk) |
||
| 942 |
_adpl _cEN _k347.7 / KAP |
||
| 999 |
_c938 _d938 |
||